000
00309nam a2200133Ia 4500
005
20260326100035.0
008
260326s9999||||xx |||||||||||||| ||und||
100
_a
Reti, Ladislao
245
0
_a
El Leonardo desconocido /
_c
Ladislao Reti
260
_b
Taurus
300
_a
318 p.
650
_a
ARTE
942
_c
BK
999
_c
6782
_d
6782